Catálogo
 En Linea

Derecho procesal del trabajo / (Registro nro. 43250)

Detalles MARC
000 -CABECERA
campo de control de longitud fija 01078nam a2200289 a 4500
001 - NÚMERO DE CONTROL
campo de control 000043761
005 - FECHA Y HORA DE LA ÚLTIMA TRANSACCIÓN
campo de control 20230331073627.0
008 - DATOS DE LONGITUD FIJA--INFORMACIÓN GENERAL
campo de control de longitud fija 140423s2014 dr 000 0 spa d
020 ## - NÚMERO INTERNACIONAL ESTÁNDAR DEL LIBRO
Número Internacional Estándar del Libro 9789993444985
040 ## - FUENTE DE LA CATALOGACIÓN
Centro catalogador/agencia de origen DO-SdBNP
Lengua de catalogación spa
Centro/agencia transcriptor BNPHU
082 ## - NÚMERO DE LA CLASIFICACIÓN DECIMAL DEWEY
Número de clasificación 344.729301
-- H557d, 2014
100 ## - ENTRADA PRINCIPAL--NOMBRE DE PERSONA
Nombre de persona Hernández Rueda, Lupo,
Fechas asociadas al nombre 1930-2017
9 (RLIN) 23790
245 10 - MENCIÓN DE TÍTULO
Título Derecho procesal del trabajo /
Mención de responsabilidad, etc. Lupo Hernández Rueda ; edición Héctor Bdo. Guzmán.
250 ## - MENCIÓN DE EDICIÓN
Mención de edición 10a ed.
260 ## - PUBLICACIÓN, DISTRIBUCIÓN, ETC.
Lugar de publicación, distribución, etc. Moca, República Dominicana :
Nombre del editor, distribuidor, etc. Dalis,
Fecha de publicación, distribución, etc. 2014.
300 ## - DESCRIPCIÓN FÍSICA
Extensión 370 p. ;
Dimensiones 24 cm.
500 ## - NOTA GENERAL
Nota general Incluye referencias bibliográficas y notas al pie de las páginas
504 ## - NOTA DE BIBLIOGRAFÍA, ETC.
Nota de bibliografía, etc. Bibliografía : p. 349- 355
509 ## - NOTAS INFORMALES (RLIN)
Notas informales Inventariado, 2018/VM
650 #4 - PUNTO DE ACCESO ADICIONAL DE MATERIA--TÉRMINO DE MATERIA
Término de materia o nombre geográfico como elemento de entrada Derecho laboral
Subdivisión geográfica República Dominicana
9 (RLIN) 7337
650 #4 - PUNTO DE ACCESO ADICIONAL DE MATERIA--TÉRMINO DE MATERIA
Término de materia o nombre geográfico como elemento de entrada Derecho procesal
Subdivisión geográfica República Dominicana
9 (RLIN) 13091
650 #4 - PUNTO DE ACCESO ADICIONAL DE MATERIA--TÉRMINO DE MATERIA
Término de materia o nombre geográfico como elemento de entrada Derecho penal
Subdivisión geográfica República Dominicana
9 (RLIN) 16470
650 #4 - PUNTO DE ACCESO ADICIONAL DE MATERIA--TÉRMINO DE MATERIA
Término de materia o nombre geográfico como elemento de entrada Legislacion laboral
9 (RLIN) 16517
650 #4 - PUNTO DE ACCESO ADICIONAL DE MATERIA--TÉRMINO DE MATERIA
Término de materia o nombre geográfico como elemento de entrada Derecho al trabajo
9 (RLIN) 16432
700 12 - PUNTO DE ACCESO ADICIONAL--NOMBRE DE PERSONA
Nombre de persona Guzmán, Héctor Bdo.
Término indicativo de función/relación ed.
9 (RLIN) 71585
910 ## - DATOS DE OPCIÓN DEL USUARIO (OCLC)
Datos de opción del usuario Validado. Control de calidad MFF
Existencias
Estado de retiro Estado de pérdida Restricciones de uso No para préstamo Código de colección Localización permanente Ubicación/localización actual Ubicación en estantería Fecha de adquisición Número de inventario Total de préstamos Signatura topográfica completa Código de barras Fecha visto por última vez Número de copia Precio válido a partir de Tipo de ítem Koha
        Dominicana de Servicio General General Depósito 23.04.2014 LF1   344.729301 H557d, 2014 43761-30 25.06.2020 e. 3 25.06.2020 Libro y Folleto Colección Dominicana de Servicio
      Excluido de préstamo Patrimonio Dominicano Patrimonio Dominicano Patrimonio Dominicano Depósito 23.04.2014 LF1   344.729301 H557d, 2014 43761-10 25.06.2020   25.06.2020 Libro y Folleto Colección Patrimonio Dominicano
      Excluido de préstamo Patrimonio Dominicano Patrimonio Dominicano Patrimonio Dominicano Depósito 23.04.2014 LF1   344.729301 H557d, 2014 43761-20 25.06.2020 e. 2 25.06.2020 Libro y Folleto Colección Patrimonio Dominicano

Con tecnología Koha